000 00752cam a2200193 a 4500
001 000006981
005 20200929154034.0
008 830919s1975 ve a b 001 0 spa
040 _aDO-SdBNP
_bspa
_cBNPHU
082 _axx
_bF289r
100 1 _aFebres Cordero, Julio,
_d1921-
_919411
245 1 3 _aEl refranero de Bolivar :
_bfuentes para el estudio de su pensamiento político /
_cJulio Febres Cordero.
260 _aCaracas :
_bCentauro,
_c1975.
300 _a242 p. :
_bil. ;
_c22 cm.
504 _aIncluye referencias bibliográficas.
600 1 0 _aBolivar, Simon,
_d1783-1830
_xKnowledge
_xFolklore.
_919412
600 1 0 _aBolivar, Simon,
_d1783-1830
_xPolitical and social views.
_919413
700 1 2 _aBolivar, Simon,
_d1783-1830.
_tSelections.
_f1975.
_919414
999 _c6765
_d6765